000 00613nam a22001937a 4500
999 _c179899
_d179899
005 20210715151303.0
010 _aENG-129560
020 _a978-81-9529-455-8
_c850.00
035 _aEN-113092
037 _bDBAD/PUB
082 _a346.42015
100 _aPoonam Pradhan Saxena
245 _aFamily Law I/
_cby Poonam Pradhan Saxena
250 _a1st
260 _aGurgaon
_bLexis Nexis Publishers
_c2021
270 _a14th floor, Building no. 10, Tower- B, DLF Cyber City, Phase II
_bHaryana
_e122002
_mhelp.in@lexisnexis.com
300 _a537p
_c24cm(PB)
942 _2ddc
_cEN
_h346.42015
_mSAX